Környezetbarát csomagolás hatása a vásárlói döntésekre, zöld vállalatok, greenwashing
| Szerző: | |
|---|---|
| További közreműködők: | |
| Dokumentumtípus: | Diplomadolgozat |
| Kulcsszavak: | csomagolás környezet környezetbarát vállalat vásárlói elégedettség zöldgazdaság |
| Online Access: | http://dolgozattar.uni-bge.hu/60404 |
MARC
| LEADER | 00000nta a2200000 i 4500 | ||
|---|---|---|---|
| 001 | dolg60404 | ||
| 005 | 20260409150535.0 | ||
| 008 | 260409suuuu hu om 000 hun d | ||
| 040 | |a BGE Dolgozattár Repozitórium |b hun | ||
| 041 | |a hu | ||
| 100 | 1 | |a Áts Ábel | |
| 245 | 1 | 0 | |a Környezetbarát csomagolás hatása a vásárlói döntésekre, zöld vállalatok, greenwashing |c Áts Ábel |h [elektronikus dokumentum] |
| 520 | 3 | |a A dolgozatom cime a Környezetbarát csomagolás hatása a vásárlói döntésekre, zöld vállalatok, greenwashing. A dolgozat azt vizsgálja, hogyan hat a környezetbarát csomagolás a vásárlói döntésekre, mit gondolnak az emberek a „zöld” vállalatokról, és mennyire értik a greenwashing jelenségét. Egy online kérdőív (N=96) alapján elemzem, hogy a vásárlók figyelembe veszik-e a csomagolás fenntarthatóságát, fizetnének-e érte felárat, illetve felismerik-e, ha egy cég csak a látszat kedvéért kommunikál környezetbarát üzeneteket. | |
| 695 | |a csomagolás | ||
| 695 | |a környezet | ||
| 695 | |a környezetbarát vállalat | ||
| 695 | |a vásárlói elégedettség | ||
| 695 | |a zöldgazdaság | ||
| 700 | 1 | |a Szabó-Geletóczki Rita |e ths | |
| 856 | 4 | 0 | |u http://dolgozattar.uni-bge.hu/60404/1/%C3%81ts%20%C3%81bel%20szakdolgozat.pdf |z Dokumentum-elérés |
| 856 | 4 | 0 | |u http://dolgozattar.uni-bge.hu/60404/2/%C3%81ts%20%C3%81bel_biralatilap_alap_2025.pdf |z Dokumentum-elérés |